| 000 | 00759nam a2200205Ii 4500 | ||
|---|---|---|---|
| 003 | JO-AjNU | ||
| 008 | 230605s9999||||xx |||||||||||||| ||und|| | ||
| 040 |
_aJO-AjNU _bara _erda _cJO-AjNU |
||
| 041 | _aara | ||
| 050 | 1 | 4 | _aT58.6.S2542 2018 |
| 100 | 3 |
_aالسامرائي، ايمان فاضل، م. مشارك هيثم محمد الزعبي, _eauthor _958165 |
|
| 245 | 0 | 0 | _aنظم المعلومات الادارية |
| 250 | _aط1 | ||
| 264 | 3 | 1 | _aعمان: دار صفاء للنشر والتوزيع، 2018 |
| 300 |
_a328ص _bيحتوي على صور توضيحية |
||
| 336 |
_atext _btxt _2rdacontent |
||
| 337 |
_aunmediated _bn _2rdamedia |
||
| 338 |
_avolume _bnc _2rdacarrier |
||
| 650 | 4 |
_aنظم المعلومات الادارية _958166 |
|
| 999 |
_aA26106 _c29674 _d29674 |
||